[Event "Chigorin Memorial"]
[Site "St Petersburg"]
[Date "2015.10.03"]
[Round "1.24"]
[White "Matsenko, Sergei"]
[Black "Rivonenko, Vladislav"]
[Result "1-0"]
[WhiteElo "2531"]
[BlackElo "2090"]
[PlyCount "27"]
[EventDate "2015.10.03"]
[EventType "swiss"]
[EventRounds "9"]
[EventCountry "RUS"]

1. Nf3 Nf6 2. c4 e6 3. g3 d5 4. Bg2 Nbd7 5. O-O Be7 6. Qc2 c6 7. d4 O-O 8. Nbd2
dxc4 9. Nxc4 c5 10. Rd1 cxd4 11. Nxd4 Bc5 12. Nb3 Qe7 13. Nxc5 Nxc5 14. Bf4 1-0

[Event "Chigorin Memorial"]
[Site "St Petersburg"]
[Date "2015.10.03"]
[Round "1.25"]
[White "Yakimenko, Alexander A"]
[Black "Blomqvist, Erik"]
[Result "0-1"]
[WhiteElo "2090"]
[BlackElo "2530"]
[PlyCount "56"]
[EventDate "2015.10.03"]
[EventType "swiss"]
[EventRounds "9"]
[EventCountry "RUS"]

1. d4 d5 2. Nf3 Nf6 3. c4 c6 4. e3 Bg4 5. h3 Bh5 6. Nc3 e6 7. Be2 Nbd7 8. cxd5
exd5 9. Qb3 Rb8 10. O-O Bd6 11. Re1 O-O 12. Bd2 Re8 13. a4 a5 14. Rac1 Qe7 15.
Nb1 Ne4 16. Bxa5 Ra8 17. Bd2 Ra7 18. a5 Rb8 19. Red1 Ng5 20. Be1 Nxf3+ 21. Bxf3
Bxf3 22. gxf3 Qh4 23. Kg2 Re8 24. Qd3 Qh5 25. Bc3 Nf8 26. Nd2 Ng6 27. Kf1 Qxh3+
28. Ke2 Nf4+ 0-1

[Event "Chigorin Memorial"]
[Site "St Petersburg"]
[Date "2015.10.03"]
[Round "1.26"]
[White "Predke, Alexandr"]
[Black "Kopylov, Yuriy"]
[Result "1-0"]
[WhiteElo "2527"]
[BlackElo "2088"]
[PlyCount "55"]
[EventDate "2015.10.03"]
[EventType "swiss"]
[EventRounds "9"]
[EventCountry "RUS"]

1. e4 c5 2. Nf3 Nc6 3. Nc3 g6 4. d4 cxd4 5. Nxd4 Bg7 6. Be3 d6 7. Qd2 Nf6 8. f3
Bd7 9. g4 Rc8 10. O-O-O a6 11. Kb1 b5 12. h4 b4 13. Nd5 Nxd5 14. exd5 Ne5 15.
h5 Nc4 16. Bxc4 Rxc4 17. hxg6 fxg6 18. Qd3 Rc8 19. Rxh7 Kf7 20. Ne6 Rxh7 21.
Nxd8+ Rxd8 22. Qxa6 Rh2 23. Qc4 Kg8 24. Qc7 Rc8 25. Qxd7 Rcxc2 26. Bc1 Rce2 27.
Qb5 Bxb2 28. Qxe2 1-0

[Event "Chigorin Memorial"]
[Site "St Petersburg"]
[Date "2015.10.03"]
[Round "1.27"]
[White "Kurilo, Vladislav"]
[Black "Levin, Evgeny A"]
[Result "1/2-1/2"]
[WhiteElo "2088"]
[BlackElo "2508"]
[PlyCount "62"]
[EventDate "2015.10.03"]
[EventType "swiss"]
[EventRounds "9"]
[EventCountry "RUS"]

1. e4 c5 2. b3 b6 3. Nc3 Bb7 4. Bb2 d6 5. Bb5+ Nd7 6. Qe2 Ngf6 7. f4 e6 8. e5
dxe5 9. fxe5 a6 10. Bxd7+ Nxd7 11. O-O-O Qc7 12. Nf3 Be7 13. Ne4 O-O 14. Rhf1
Bxe4 15. Qxe4 b5 16. h4 c4 17. Ng5 Bxg5 18. hxg5 Nc5 19. Qe3 Rfd8 20. Kb1 Rac8
21. Rc1 Qb7 22. Bd4 Nd7 23. Qf2 Nf8 24. Bc5 Rd5 25. Bd6 Ng6 26. Qe3 Rc6 27. g4
Qb6 28. Qf3 Qb7 29. Qe3 Qb6 30. Qf3 Qb7 31. Qe3 Qb6 1/2-1/2

[Event "Chigorin Memorial"]
[Site "St Petersburg"]
[Date "2015.10.03"]
[Round "1.28"]
[White "Kharchenko, Boris"]
[Black "Aseev, Vladimir"]
[Result "1-0"]
[WhiteElo "2500"]
[BlackElo "2087"]
[PlyCount "71"]
[EventDate "2015.10.03"]
[EventType "swiss"]
[EventRounds "9"]
[EventCountry "RUS"]

1. e4 c5 2. Nf3 Nc6 3. c3 d6 4. d4 Nf6 5. Bd3 e5 6. dxc5 dxc5 7. O-O Bd6 8. Na3
O-O 9. Nc4 h6 10. Qe2 Qc7 11. Nh4 Ne7 12. f4 Bg4 13. Qe1 b5 14. Nxd6 Qxd6 15.
Bxb5 c4 16. Kh1 Qc5 17. fxe5 Nh5 18. Ba4 Ng6 19. Be3 Qxe5 20. Bd4 Qg5 21. Nxg6
fxg6 22. Qe3 Qh4 23. Kg1 g5 24. g3 Qh3 25. Bc6 Rab8 26. Rxf8+ Rxf8 27. e5 Be6
28. Bg2 Qf5 29. Rf1 Qg6 30. Rxf8+ Kxf8 31. Qe4 Qe8 32. Bxa7 Qa4 33. Bc5+ Kf7
34. Qb7+ Kg6 35. Be4+ Bf5 36. Qc6+ 1-0

[Event "Chigorin Memorial"]
[Site "St Petersburg"]
[Date "2015.10.03"]
[Round "1.29"]
[White "Ioffe, Ilya"]
[Black "Volodin, Aleksandr"]
[Result "0-1"]
[WhiteElo "2087"]
[BlackElo "2491"]
[PlyCount "104"]
[EventDate "2015.10.03"]
[EventType "swiss"]
[EventRounds "9"]
[EventCountry "RUS"]

1. e4 g6 2. d4 Bg7 3. Nc3 c6 4. Nf3 d5 5. h3 Nh6 6. Bd3 O-O 7. O-O Na6 8. Bxa6
bxa6 9. Bf4 f6 10. Re1 Nf7 11. Qd2 e5 12. Bg3 Bh6 13. Qe2 exd4 14. Nxd4 Qb6 15.
Nb3 Re8 16. Qf3 d4 17. Na4 Qb4 18. Nac5 Bg7 19. Qd3 f5 20. e5 f4 21. Bxf4 Bf5
22. Qxd4 Qb6 23. Qc4 Qb5 24. Qc3 Qb6 25. Rad1 g5 26. Bg3 Re7 27. Qf3 Bxc2 28.
Rd2 Bxb3 29. Nxb3 Rae8 30. Rde2 Nxe5 31. Qf5 Qb5 32. Nd4 Qd5 33. Re4 Rf7 34.
Qxg5 Nf3+ 35. Nxf3 Rxe4 36. Rxe4 Qxe4 37. Ne5 Rf8 38. h4 Re8 39. Ng4 Qg6 40.
Qf4 Re4 41. Qb8+ Qe8 42. Qb3+ Qf7 43. Qb8+ Re8 44. Qd6 Qe6 45. Qf4 Rf8 46. Qa4
c5 47. Ne3 Bxb2 48. Nc4 Bd4 49. Qc2 Qe1+ 50. Kh2 Bxf2 51. Bxf2 Qxf2 52. Qe4
Qf4+ 0-1

[Event "Chigorin Memorial"]
[Site "St Petersburg"]
[Date "2015.10.03"]
[Round "1.30"]
[White "Iljiushenok, Ilia"]
[Black "Soldatov, Arnold"]
[Result "1-0"]
[WhiteElo "2491"]
[BlackElo "2085"]
[PlyCount "87"]
[EventDate "2015.10.03"]
[EventType "swiss"]
[EventRounds "9"]
[EventCountry "RUS"]

1. d4 d5 2. c4 c6 3. Nc3 Nf6 4. e3 Bf5 5. cxd5 cxd5 6. Qb3 Bc8 7. Nf3 Nc6 8.
Ne5 e6 9. Bb5 Qc7 10. O-O Bd7 11. Nxd7 Qxd7 12. Bd2 Bd6 13. Rfc1 O-O 14. Na4
Rac8 15. Rc2 Ne4 16. Be1 Rc7 17. Rac1 Rfc8 18. f3 Nf6 19. Nc5 Qe7 20. Qa4 h6
21. Nxb7 Rxb7 22. Ba6 Rcb8 23. Bxb7 Rxb7 24. Qxc6 Rb8 25. Bh4 g5 26. Bf2 e5 27.
Qa6 g4 28. Rc8+ Kg7 29. Rxb8 Bxb8 30. Qc8 Bd6 31. Qf5 gxf3 32. Bh4 exd4 33.
Bxf6+ Qxf6 34. Qxf6+ Kxf6 35. exd4 Bf4 36. Rc6+ Kf5 37. gxf3 Be3+ 38. Kf1 Bxd4
39. b4 f6 40. Ke2 Bg1 41. h3 h5 42. a4 h4 43. b5 Bb6 44. Rxb6 1-0

[Event "Chigorin Memorial"]
[Site "St Petersburg"]
[Date "2015.10.03"]
[Round "1.31"]
[White "Chekletsov, Egor"]
[Black "Chekhov, Sergei"]
[Result "0-1"]
[WhiteElo "2082"]
[BlackElo "2488"]
[PlyCount "82"]
[EventDate "2015.10.03"]
[EventType "swiss"]
[EventRounds "9"]
[EventCountry "RUS"]

1. e4 c5 2. Nf3 e6 3. d4 cxd4 4. Nxd4 a6 5. Bd3 Bc5 6. Nb3 Be7 7. O-O d6 8. c4
Nd7 9. Nc3 Ngf6 10. Be3 O-O 11. Rc1 b6 12. Nd4 Bb7 13. f3 Rc8 14. Qe2 Qc7 15.
b4 Qb8 16. a3 Rfe8 17. Rfd1 Bd8 18. Kh1 Bc7 19. Qf2 Ne5 20. Nb3 d5 21. cxd5
Nxd3 22. Rxd3 Bd6 23. dxe6 fxe6 24. Ne2 Rxc1+ 25. Bxc1 Bc7 26. Be3 Rf8 27. Qh4
Qe8 28. Nbd4 Qf7 29. Rd1 Bb8 30. Rc1 Qd7 31. Qh3 Re8 32. Bf2 Be5 33. Rd1 Rd8
34. Rd2 Bxe4 35. Nb3 Bd5 36. Bxb6 Re8 37. Be3 Qa4 38. Nc5 Qxa3 39. f4 Bd6 40.
Nd3 Ne4 41. Rd1 Qb3 0-1

[Event "Chigorin Memorial"]
[Site "St Petersburg"]
[Date "2015.10.03"]
[Round "1.32"]
[White "Paravyan, David"]
[Black "Kakadzhanov, Timur"]
[Result "1-0"]
[WhiteElo "2486"]
[BlackElo "2082"]
[PlyCount "37"]
[EventDate "2015.10.03"]
[EventType "swiss"]
[EventRounds "9"]
[EventCountry "RUS"]

1. Nf3 d5 2. g3 Nf6 3. Bg2 c6 4. O-O Bf5 5. d3 Nbd7 6. Nh4 Bg6 7. e4 dxe4 8.
Nxg6 hxg6 9. dxe4 e5 10. Nd2 Nc5 11. Nc4 Qc7 12. f4 Ncxe4 13. Qe2 Bc5+ 14. Be3
O-O-O 15. fxe5 b5 16. exf6 Nxg3 17. hxg3 Qxg3 18. Rf3 Qh2+ 19. Kf1 1-0

[Event "Chigorin Memorial"]
[Site "St Petersburg"]
[Date "2015.10.03"]
[Round "1.33"]
[White "Palin, Denis"]
[Black "Soffer, Ram"]
[Result "0-1"]
[WhiteElo "2081"]
[BlackElo "2479"]
[PlyCount "110"]
[EventDate "2015.10.03"]
[EventType "swiss"]
[EventRounds "9"]
[EventCountry "RUS"]

1. c4 Nf6 2. Nc3 e5 3. g3 Bb4 4. Bg2 O-O 5. e4 Bxc3 6. dxc3 d6 7. Qe2 Nbd7 8.
Nf3 Nc5 9. Nh4 Bg4 10. f3 Be6 11. O-O a5 12. Be3 Nfd7 13. b3 Re8 14. Nf5 Bxf5
15. exf5 e4 16. Bxc5 Nxc5 17. fxe4 Qf6 18. Qe3 h6 19. Rae1 Re5 20. Qd4 b6 21.
Re2 Rae8 22. Rfe1 Kf8 23. Bf3 g6 24. g4 Kg7 25. Kg2 Qh4 26. h3 h5 27. b4 Nd7
28. Qf2 Qxf2+ 29. Kxf2 hxg4 30. hxg4 Kf6 31. Rh1 Kg5 32. fxg6 fxg6 33. Rh7 R5e7
34. Rxe7 Rxe7 35. Kg3 Ne5 36. bxa5 bxa5 37. c5 Rf7 38. Bg2 dxc5 39. Rd2 c6 40.
Rd6 Rf4 41. Re6 Rxg4+ 42. Kh3 Kf4 43. Rf6+ Ke3 44. Re6 Rg5 45. Kh4 Rxg2 46.
Rxe5 Kf4 47. Kh3 Kxe5 48. Kxg2 Kxe4 49. Kg3 Kd3 50. Kg4 Kxc3 51. Kg5 Kb2 52. a4
c4 53. Kxg6 c3 54. Kf6 c2 55. Ke7 c1=Q 0-1

[Event "Chigorin Memorial"]
[Site "St Petersburg"]
[Date "2015.10.03"]
[Round "1.34"]
[White "Matinian, Nikita"]
[Black "Sorokopudov, Vladimir M"]
[Result "1-0"]
[WhiteElo "2473"]
[BlackElo "2078"]
[PlyCount "63"]
[EventDate "2015.10.03"]
[EventType "swiss"]
[EventRounds "9"]
[EventCountry "RUS"]

1. e4 c6 2. d4 d5 3. e5 e6 4. Nf3 c5 5. c3 Nc6 6. a3 Bd7 7. b4 cxd4 8. cxd4 Rc8
9. Bd3 Be7 10. O-O f5 11. Re1 g6 12. Ra2 Kf8 13. Rc2 Kg7 14. Nc3 Nh6 15. Nxd5
exd5 16. e6 Be8 17. b5 Rf8 18. bxc6 Rxc6 19. Rxc6 Bxc6 20. Ne5 Be8 21. Bd2 Ng8
22. Qb3 Bc6 23. Nxc6 bxc6 24. Qa4 Qc7 25. Rc1 Bd6 26. Rxc6 Bxh2+ 27. Kh1 Qb8
28. Bb4 Re8 29. Ra6 Kh8 30. Rxa7 Qf4 31. Qxe8 Qh4 32. Be7 1-0

[Event "Chigorin Memorial"]
[Site "St Petersburg"]
[Date "2015.10.03"]
[Round "1.35"]
[White "Sergeeva, Natalia"]
[Black "Lugovskoy, Maxim"]
[Result "0-1"]
[WhiteElo "2077"]
[BlackElo "2470"]
[PlyCount "64"]
[EventDate "2015.10.03"]
[EventType "swiss"]
[EventRounds "9"]
[EventCountry "RUS"]

1. e4 e6 2. d4 d5 3. Nc3 Bb4 4. e5 c5 5. a3 Bxc3+ 6. bxc3 Ne7 7. Qg4 Qc7 8.
Qxg7 Rg8 9. Qxh7 cxd4 10. Ne2 Nbc6 11. f4 dxc3 12. Qd3 d4 13. Nxd4 Nxd4 14.
Qxd4 Bd7 15. Rb1 Nf5 16. Qf2 Qc6 17. Rg1 Qe4+ 18. Qe2 Qd4 19. Qf2 Qd5 20. Rb4
Bc6 21. Bc4 Qe4+ 22. Qe2 Qd4 23. Qf2 a5 24. Qxd4 Nxd4 25. Rb1 Nf3+ 26. Kf2 Nxg1
27. Bf1 Ne2 28. Kxe2 Bxg2 29. Rb3 Rc8 30. Be3 Bd5 31. Rb6 Rh8 32. h3 Bc4+ 0-1

[Event "Chigorin Memorial"]
[Site "St Petersburg"]
[Date "2015.10.03"]
[Round "1.36"]
[White "Ulko, Jaroslav"]
[Black "Sergeyev, Dmitriy"]
[Result "1-0"]
[WhiteElo "2467"]
[BlackElo "2077"]
[PlyCount "45"]
[EventDate "2015.10.03"]
[EventType "swiss"]
[EventRounds "9"]
[EventCountry "RUS"]

1. d4 d6 2. e4 Nf6 3. Nc3 e5 4. Nf3 Nbd7 5. Bc4 Be7 6. O-O O-O 7. Re1 c6 8. a4
b6 9. Bg5 Bb7 10. dxe5 dxe5 11. Nh4 h6 12. Bxf6 Nxf6 13. Ng6 Re8 14. Nxe5 Rf8
15. Qxd8 Raxd8 16. Rad1 Rxd1 17. Rxd1 b5 18. axb5 cxb5 19. Nxb5 Bxe4 20. c3 Rb8
21. b4 a6 22. Nd6 Kf8 23. Nxe4 1-0

[Event "Chigorin Memorial"]
[Site "St Petersburg"]
[Date "2015.10.03"]
[Round "1.37"]
[White "Nasibullin, Iskander"]
[Black "Bodnaruk, Anastasia"]
[Result "0-1"]
[WhiteElo "2075"]
[BlackElo "2459"]
[PlyCount "66"]
[EventDate "2015.10.03"]
[EventType "swiss"]
[EventRounds "9"]
[EventCountry "RUS"]

1. e4 d6 2. d4 g6 3. Nc3 Bg7 4. Be3 a6 5. Qd2 b5 6. a3 Bb7 7. Nge2 Nf6 8. f3 h5
9. g3 Nbd7 10. Bg2 h4 11. O-O hxg3 12. hxg3 c5 13. dxc5 dxc5 14. Rad1 Qc7 15.
Bf4 e5 16. Bg5 Bf8 17. f4 c4 18. fxe5 Bc5+ 19. Be3 Ng4 20. Bxc5 Qxc5+ 21. Qd4
Qxd4+ 22. Rxd4 Ndxe5 23. Nd5 O-O 24. Nec3 Kg7 25. Rfd1 Rad8 26. R4d2 Rh8 27.
Re2 Rd6 28. Ra1 Nc6 29. Rae1 Nge5 30. Rf1 Bc8 31. Rf4 Nd4 32. Ref2 Be6 33. Rd2
Ndc6 {unreadable} 0-1

[Event "Chigorin Memorial"]
[Site "St Petersburg"]
[Date "2015.10.03"]
[Round "1.38"]
[White "Andersen, Mads"]
[Black "Kuznetsov, Felix"]
[Result "1-0"]
[WhiteElo "2457"]
[BlackElo "2074"]
[PlyCount "25"]
[EventDate "2015.10.03"]
[EventType "swiss"]
[EventRounds "9"]
[EventCountry "RUS"]

1. g3 Nf6 2. Bg2 e6 3. c4 c5 4. Nf3 Nc6 5. O-O b6 6. d4 d5 7. cxd5 Nxd5 8. e4
Nf6 9. d5 exd5 10. exd5 Nxd5 11. Ne5 Nce7 12. Nc3 f6 13. Nxd5 1-0

[Event "Chigorin Memorial"]
[Site "St Petersburg"]
[Date "2015.10.03"]
[Round "1.39"]
[White "Sazonova, Anastasia"]
[Black "Golubov, Saveliy"]
[Result "1/2-1/2"]
[WhiteElo "2065"]
[BlackElo "2453"]
[PlyCount "92"]
[EventDate "2015.10.03"]
[EventType "swiss"]
[EventRounds "9"]
[EventCountry "RUS"]

1. d4 Nf6 2. c4 g6 3. Nc3 Bg7 4. e4 d6 5. Nf3 O-O 6. Be2 e5 7. Be3 Ng4 8. Bg5
f6 9. Bh4 g5 10. Bg3 Nh6 11. d5 f5 12. exf5 Nxf5 13. Ne4 g4 14. Nfg5 h5 15. h4
Nd4 16. Bd3 Na6 17. Rc1 c6 18. O-O Nb4 19. Bb1 Bf5 20. a3 cxd5 21. cxd5 Na6 22.
Nc3 Qd7 23. Bxf5 Rxf5 24. Nce4 Rd8 25. Qd3 Nc7 26. Qc4 Ne8 27. Rfe1 b5 28. Qd3
Nc7 29. Qb1 Qe7 30. Rcd1 Qf8 31. Rxd4 exd4 32. Nxd6 Rxg5 33. hxg5 Rxd6 34. Bxd6
Qxd6 35. Qf5 Bf8 36. g6 Qxd5 37. Qf6 d3 38. Re5 Bg7 39. Rxd5 Bxf6 40. Rxd3 Ne8
41. b3 Kg7 42. Rd7+ Kxg6 43. Rxa7 Nd6 44. Ra6 Ne4 45. Rb6 Nc3 46. g3 Kf5
1/2-1/2

[Event "Chigorin Memorial"]
[Site "St Petersburg"]
[Date "2015.10.03"]
[Round "1.40"]
[White "Franco Alonso, Alejandro"]
[Black "Kharlamov, Igor"]
[Result "1-0"]
[WhiteElo "2450"]
[BlackElo "2065"]
[PlyCount "113"]
[EventDate "2015.10.03"]
[EventType "swiss"]
[EventRounds "9"]
[EventCountry "RUS"]

1. Nf3 Nf6 2. c4 e6 3. g3 d5 4. Bg2 d4 5. O-O Nc6 6. d3 Be7 7. Na3 O-O 8. Nc2
a5 9. a3 e5 10. Rb1 Re8 11. Bg5 h6 12. Bxf6 Bxf6 13. Nd2 Be7 14. b4 axb4 15.
axb4 Bf8 16. b5 Nb8 17. Nb4 Bxb4 18. Rxb4 Nd7 19. Ra4 Rb8 20. Ra7 Qf6 21. Qa1
Nc5 22. Ne4 Nxe4 23. Bxe4 Bg4 24. Qa2 Qb6 25. Ra1 g6 26. Kf1 Kg7 27. Qa5 Re7
28. Qxb6 cxb6 29. Ra8 Rxa8 30. Rxa8 f5 31. Bg2 g5 32. h3 Bh5 33. g4 Bg6 34. Rd8
h5 35. gxf5 Bxf5 36. Rd6 e4 37. dxe4 Be6 38. Rxd4 Rc7 39. e5 Rxc4 40. e3 Rxd4
41. exd4 Bc4+ 42. Ke1 Bxb5 43. Bxb7 Bd7 44. Bg2 Bf5 45. Kd2 Kf7 46. d5 h4 47.
Ke3 Ke7 48. f4 g4 49. hxg4 Bxg4 50. Be4 b5 51. f5 b4 52. Kf4 Bd1 53. e6 b3 54.
Ke5 Bc2 55. d6+ Kf8 56. e7+ Kf7 57. Bd5+ 1-0

[Event "Chigorin Memorial"]
[Site "St Petersburg"]
[Date "2015.10.03"]
[Round "1.41"]
[White "Nikitinyh, Boris"]
[Black "Usmanov, Vasily"]
[Result "0-1"]
[WhiteElo "2065"]
[BlackElo "2450"]
[PlyCount "78"]
[EventDate "2015.10.03"]
[EventType "swiss"]
[EventRounds "9"]
[EventCountry "RUS"]

1. e4 c5 2. Nf3 Nc6 3. Nc3 d6 4. d4 cxd4 5. Nxd4 Nf6 6. g3 g6 7. Bg2 Bg7 8.
Nxc6 bxc6 9. e5 Nd5 10. Nxd5 cxd5 11. Bxd5 Rb8 12. Bc6+ Kf8 13. O-O Bxe5 14.
Re1 Kg7 15. c3 h5 16. h4 Qb6 17. Bf3 a5 18. Kg2 Bf5 19. Re2 Qa6 20. Be3 a4 21.
Bd4 Bxd4 22. Qxd4+ e5 23. Qe3 Rhe8 24. Bd5 Rb5 25. Rd2 Reb8 26. Qe2 Rxd5 27.
Qxa6 Rxd2 28. Qxa4 Rbxb2 29. Qa7 d5 30. Qe3 Re2 31. Qc5 d4 32. Rf1 Rbc2 33. a4
Rxc3 34. Qb6 Be4+ 35. Kh2 Rf3 36. a5 d3 37. Qc5 d2 38. Qxe5+ Kh7 39. Qd4 Re1
0-1

[Event "Chigorin Memorial"]
[Site "St Petersburg"]
[Date "2015.10.03"]
[Round "1.42"]
[White "Kalegin, Evgenij"]
[Black "Egorov, Daniil"]
[Result "1-0"]
[WhiteElo "2444"]
[BlackElo "2064"]
[PlyCount "57"]
[EventDate "2015.10.03"]
[EventType "swiss"]
[EventRounds "9"]
[EventCountry "RUS"]

1. e4 c5 2. Nf3 d6 3. c3 Nf6 4. h3 g6 5. Bd3 Bg7 6. Bc2 Nc6 7. O-O O-O 8. d4
cxd4 9. cxd4 d5 10. e5 Ne4 11. Nc3 Bf5 12. Re1 Nxc3 13. bxc3 Bxc2 14. Qxc2 e6
15. Bg5 Qd7 16. Qd2 Rac8 17. Bh6 f6 18. Bxg7 Qxg7 19. exf6 Qxf6 20. Re3 Na5 21.
Qe2 Rfe8 22. Re1 Rc6 23. Ne5 Rd6 24. Rf3 Qe7 25. Ng4 Rf8 26. Qe5 h5 27. Nf6+
Rxf6 28. Rxf6 Kh7 29. Rxe6 1-0

[Event "Chigorin Memorial"]
[Site "St Petersburg"]
[Date "2015.10.03"]
[Round "1.43"]
[White "Muhtarov, Leonid"]
[Black "Baghdasaryan, Vahe"]
[Result "0-1"]
[WhiteElo "2060"]
[BlackElo "2439"]
[PlyCount "66"]
[EventDate "2015.10.03"]
[EventType "swiss"]
[EventRounds "9"]
[EventCountry "RUS"]

1. Nf3 d5 2. g3 Nc6 3. Bg2 e5 4. d3 Be6 5. O-O f6 6. Nbd2 h5 7. e4 Qd7 8. Nh4
Nge7 9. exd5 Bxd5 10. Ne4 O-O-O 11. Be3 Kb8 12. c4 Bxe4 13. dxe4 Nd4 14. f4 Qe8
15. fxe5 fxe5 16. Bxd4 Rxd4 17. Qc2 Nc6 18. Nf3 h4 19. gxh4 Bc5 20. Kh1 Rd6 21.
Rad1 Nd4 22. Nxd4 Bxd4 23. c5 Rdh6 24. Rd3 Rxh4 25. h3 g5 26. Rb3 g4 27. c6 b6
28. Ra3 gxh3 29. Bf3 Qg6 30. Qa4 a5 31. Qb5 Rg8 32. Rxa5 Qg2+ 33. Bxg2 hxg2#
0-1

[Event "Chigorin Memorial"]
[Site "St Petersburg"]
[Date "2015.10.03"]
[Round "1.44"]
[White "Malakhov, Igor"]
[Black "Lysenko, Margarita"]
[Result "1-0"]
[WhiteElo "2438"]
[BlackElo "2059"]
[PlyCount "117"]
[EventDate "2015.10.03"]
[EventType "swiss"]
[EventRounds "9"]
[EventCountry "RUS"]

1. e4 Nf6 2. e5 Nd5 3. d4 d6 4. c4 Nb6 5. f4 dxe5 6. fxe5 Nc6 7. Be3 Bf5 8. Nc3
e6 9. Nf3 Bg4 10. Be2 Bxf3 11. gxf3 Qh4+ 12. Bf2 Qf4 13. c5 Nd7 14. Qc1 Qf5 15.
Qb1 Qf4 16. Qe4 Qxe4 17. fxe4 O-O-O 18. Bb5 Ndb8 19. O-O-O Be7 20. Be3 b6 21.
cxb6 axb6 22. Rhg1 Rhg8 23. a3 Kb7 24. Rdf1 Rdf8 25. Bc4 Nd7 26. Rg2 Na5 27.
Ba2 c5 28. d5 Nxe5 29. dxe6 f6 30. Rd1 Nac6 31. Nd5 Rd8 32. Bf4 Ng6 33. Bc7 Rc8
34. Bg3 Nd4 35. h4 Rge8 36. h5 Nf8 37. Nxe7 Rxe7 38. Bd6 Rcc7 39. Bd5+ Kc8 40.
Bxe7 Rxe7 41. h6 g6 42. Rf1 Nfxe6 43. Rxf6 Kc7 44. Rgf2 Ng5 45. Rf8 Kd6 46.
Rd8+ Ke5 47. Rff8 Nge6 48. Rde8 Rd7 49. Kd2 b5 50. Kd3 Ra7 51. Rg8 Kf6 52. Ke3
Rc7 53. Rb8 Kg5 54. Bxe6 Nxe6 55. Rge8 Nd4 56. Rec8 Rxc8 57. Rxc8 Ne6 58. Rc6
Kf6 59. Rb6 1-0

[Event "Chigorin Memorial"]
[Site "St Petersburg"]
[Date "2015.10.03"]
[Round "1.45"]
[White "Tishova, Svetlana"]
[Black "Abdusattorov, Nodirbek"]
[Result "0-1"]
[WhiteElo "2058"]
[BlackElo "2432"]
[PlyCount "88"]
[EventDate "2015.10.03"]
[EventType "swiss"]
[EventRounds "9"]
[EventCountry "RUS"]

1. e4 c5 2. Nf3 d6 3. d4 cxd4 4. Qxd4 Nc6 5. Bb5 Bd7 6. Qd3 g6 7. c4 Bg7 8. Nc3
Nf6 9. O-O O-O 10. h3 Rc8 11. Be3 a6 12. Bxc6 Bxc6 13. Nd4 Nd7 14. Rac1 Nc5 15.
Qc2 Bd7 16. Qe2 Ne6 17. Nxe6 fxe6 18. Rfd1 Qc7 19. b3 b5 20. Nb1 Qb7 21. Qd3
bxc4 22. bxc4 Bb2 23. Bh6 Bxc1 24. Bxf8 Bg5 25. h4 Bxh4 26. Bh6 Bf6 27. Bf4 Ba4
28. Re1 Qb2 29. Re2 Qd4 30. Qxd4 Bxd4 31. e5 Rxc4 32. exd6 e5 33. d7 Bxd7 34.
Bg5 Bg4 35. Re1 Rc2 36. Nd2 Bc3 37. f3 Bxd2 38. Bxd2 Bxf3 39. gxf3 Rxd2 40.
Rxe5 Rxa2 41. Rxe7 a5 42. Ra7 a4 43. Kf1 a3 44. Kg1 h5 0-1

[Event "Chigorin Memorial"]
[Site "St Petersburg"]
[Date "2015.10.03"]
[Round "1.46"]
[White "Ushenina, Anna"]
[Black "Kulagin, Sergey"]
[Result "1-0"]
[WhiteElo "2426"]
[BlackElo "2055"]
[PlyCount "65"]
[EventDate "2015.10.03"]
[EventType "swiss"]
[EventRounds "9"]
[EventCountry "RUS"]

1. c4 b6 2. Nc3 Bb7 3. e4 e6 4. Nf3 c5 5. d4 cxd4 6. Nxd4 a6 7. Be2 Qc7 8. a3
Nf6 9. f3 Nc6 10. Be3 Bc5 11. Na4 Nxd4 12. Bxd4 e5 13. Nxc5 bxc5 14. Be3 O-O
15. O-O Qc6 16. Qd2 Ne8 17. Rfd1 d6 18. b4 f5 19. exf5 Rxf5 20. bxc5 dxc5 21.
Qd5+ Qxd5 22. cxd5 Nd6 23. Bxc5 Rd8 24. Rab1 Rf7 25. a4 e4 26. Rb4 a5 27. Rb3
exf3 28. Bxf3 Nc4 29. Bg4 Rc7 30. Be6+ Kh8 31. Bf2 Bc8 32. Rb8 Nd6 33. Bb6 1-0

[Event "Chigorin Memorial"]
[Site "St Petersburg"]
[Date "2015.10.03"]
[Round "1.47"]
[White "Shuster, Andrei"]
[Black "Tunik, Gennady"]
[Result "0-1"]
[WhiteElo "2053"]
[BlackElo "2420"]
[PlyCount "78"]
[EventDate "2015.10.03"]
[EventType "swiss"]
[EventRounds "9"]
[EventCountry "RUS"]

1. e4 c5 2. Nf3 e6 3. d4 cxd4 4. Nxd4 Nc6 5. Nc3 a6 6. Nxc6 bxc6 7. Bd3 d5 8.
O-O Nf6 9. Re1 Be7 10. e5 Nd7 11. Qg4 Kf8 12. Bd2 h5 13. Qf3 Kg8 14. b3 Qc7 15.
Qf4 h4 16. Re2 h3 17. g3 Bb7 18. Na4 c5 19. Rae1 Rd8 20. Qg4 Nb8 21. Nb2 Nc6
22. f4 c4 23. bxc4 Qb6+ 24. Be3 Qxb2 25. cxd5 Nd4 26. dxe6 Bf3 27. exf7+ Kf8
28. Qg6 Rh6 29. Qxh6 gxh6 30. Rf2 Qc3 31. Bd2 Qc5 32. Be3 Ba8 33. f5 Qc6 34.
Be4 Qxe4 35. Bxh6+ Kxf7 36. Rxe4 Bxe4 37. g4 Nf3+ 38. Rxf3 Bxf3 39. e6+ Kf6 0-1

[Event "Chigorin Memorial"]
[Site "St Petersburg"]
[Date "2015.10.03"]
[Round "1.48"]
[White "Smirnov, Artem"]
[Black "Kopasov, Evgeny"]
[Result "1-0"]
[WhiteElo "2419"]
[BlackElo "2050"]
[PlyCount "59"]
[EventDate "2015.10.03"]
[EventType "swiss"]
[EventRounds "9"]
[EventCountry "RUS"]

1. e4 c5 2. Be2 Nc6 3. f4 g6 4. Nf3 Bg7 5. O-O e6 6. d3 Nge7 7. Qe1 O-O 8. c3
d6 9. Na3 b6 10. Nc2 Ba6 11. Be3 Rc8 12. Rd1 Qc7 13. Kh1 d5 14. e5 Rfd8 15. Bf2
Nf5 16. g4 Nh6 17. h3 Rd7 18. Bh4 Rb8 19. d4 Bxe2 20. Qxe2 cxd4 21. cxd4 Qc8
22. f5 Kh8 23. Ne3 exf5 24. gxf5 gxf5 25. Rg1 Nd8 26. Rxg7 Kxg7 27. Rg1+ Kf8
28. Ng5 Ne6 29. Nxh7+ Ke8 30. Nxf5 1-0

[Event "Chigorin Memorial"]
[Site "St Petersburg"]
[Date "2015.10.03"]
[Round "1.49"]
[White "Tebenkov, Vladislav"]
[Black "Arslanov, Shamil"]
[Result "0-1"]
[WhiteElo "2050"]
[BlackElo "2416"]
[PlyCount "68"]
[EventDate "2015.10.03"]
[EventType "swiss"]
[EventRounds "9"]
[EventCountry "RUS"]

1. e4 Nf6 2. e5 Nd5 3. Nc3 Nb6 4. d4 d6 5. f4 Bf5 6. Nf3 e6 7. Be2 Nc6 8. a3
dxe5 9. fxe5 Qd7 10. Na2 O-O-O 11. c3 f6 12. Nb4 fxe5 13. Nxc6 Qxc6 14. Nxe5
Qxg2 15. Bf3 Qh3 16. Bg5 Bd6 17. Nf7 Rdf8 18. Nxd6+ cxd6 19. Qe2 Bd3 20. Bg4
Bxe2 21. Bxh3 Bc4 22. O-O-O Kd7 23. Rd2 h6 24. Bh4 g5 25. Bg3 h5 26. Re1 g4 27.
Bg2 h4 28. Bf2 Rf7 29. Kc2 a6 30. Re4 h3 31. Bh1 Rhf8 32. Bg3 Rf1 33. Rxg4 Rxh1
34. Rg7+ Kc6 0-1

[Event "Chigorin Memorial"]
[Site "St Petersburg"]
[Date "2015.10.03"]
[Round "1.50"]
[White "Sarana, Alexey"]
[Black "Movldiev, Ibragim"]
[Result "1-0"]
[WhiteElo "2413"]
[BlackElo "2047"]
[PlyCount "55"]
[EventDate "2015.10.03"]
[EventType "swiss"]
[EventRounds "9"]
[EventCountry "RUS"]

1. Nf3 c5 2. g3 Nc6 3. Bg2 e5 4. c4 d6 5. Nc3 Nge7 6. O-O Nd4 7. d3 Nec6 8.
Nxd4 Nxd4 9. e3 Nc6 10. Nd5 Be6 11. a3 h5 12. b4 h4 13. Qa4 Qc8 14. Re1 hxg3
15. fxg3 f6 16. Ra2 Kf7 17. Rf2 Be7 18. bxc5 dxc5 19. Nxe7 Kxe7 20. Qb5 Kd6 21.
Rd1 Bg4 22. Rdd2 Bd7 23. d4 cxd4 24. exd4 Nxd4 25. Rxd4+ exd4 26. Qb4+ Kc7 27.
Bf4+ Kd8 28. Bxb7 1-0